Jonah, the whale / (Registro nro. 11469)
[ vista simple ]
| 000 -LIDER | |
|---|---|
| fixed length control field | 00608nam a22002297a 4500 |
| 001 - NÚMERO DE CONTROL | |
| Identificador de número de control | 000516 |
| 003 - IDENTIFICACDOR DE NÚMERO DE CONTROL | |
| control field | DO-SdBNP |
| 005 - DATE AND TIME OF LATEST TRANSACTION | |
| control field | 20180126134600.0 |
| 007 - CAMPOS FIJOS DE DESCRIPCIÓN FÍSICA | |
| fixed length control field | 000516 |
| 008 - ELEMENTOS DE LONGITUD FIJA | |
| fixed length control field | 160921b 1998 nyu ||||| |||| 00| 0 spa d |
| 020 ## - ISBN | |
| International Standard Book Number | 0590371347 |
| 040 ## - FUENTE DE CATALOGACIÓN | |
| Agencia que crea de manera original el registro | BPMSU |
| Idioma de catalogación | spa |
| Agencia que realiza la transcripción | BPMSU |
| 100 1# - ASIENTO PRINCIPAL -- NOMBRE PERSONAL | |
| Nombre personal | Shreve, Susan |
| 245 10 - MENCIÓN DE TITULO | |
| Título | Jonah, the whale / |
| Mención de responsabilidad | Susan Shreve. |
| 260 ## - PUBLICACIÓN, DISTRIBUCIÓN, ETC. (PIE DE IMPRENTA) | |
| Lugar de publicación, distribución, etc | New York : |
| Nombre del editor, distribuidor, etc. | Scholastic |
| Fecha de publicación, distribución, etc | 1998. |
| 300 ## - DESCRIPCIÓN FÍSICA | |
| Extensión | 110 p. ; |
| Dimensiones | 19 cm. |
| 490 1# - MENCIÓN DE SERIES | |
| Mención de serie | Apple signature |
| 830 #0 - ASIENTO SECUNDARIO DE SERIE--TÍTULO UNIFORME | |
| Título uniforme | Apple signature |
| 942 ## - ADDED ENTRY ELEMENTS (KOHA) | |
| Source of classification or shelving scheme | Dewey Decimal Classification |
| Koha item type | Libros |
| 945 ## - INFORMACIÓN DE PROCESAMIENTO LOCAL | |
| Información de procesamiento local | Inventariado, 2018 / BT |
| 956 ## - LOCAL ELECTRONIC LOCATION AND ACCESS (OCLC) | |
| Método de acceso | LOPEREZ |
| Materiales especificados | 10 |
| Enlace | 20160921 |
| Campo enlazado y núm. de secuencia | BPMSU |
| Nombre de host | 00041 |
| Withdrawn status | Lost status | Source of classification or shelving scheme | Damaged status | Not for loan | Collection code | Home library | Current library | Date acquired | Source of acquisition | Total Checkouts | Barcode | Date last seen | Price effective from | Koha item type |
|---|---|---|---|---|---|---|---|---|---|---|---|---|---|---|
| Dewey Decimal Classification | Colección Juvenil General | Biblioteca Pública Metropolitana Salomé Ureña | Biblioteca Pública Metropolitana Salomé Ureña | 09/21/2016 | FUNDI | BPMSU16090442 | 09/21/2016 | 09/21/2016 | Libros |